2016 Electoral Vote Tally - Statistics

General Stats
  • This quiz has been taken 28 times
  • The average score is 4 of 7
Answer Stats
# of electoral votes candidate % Correct
304 Donald Trump
100%
227 Hillary Clinton
100%
1 Bernie Sanders
67%
1 John Kasich
44%
1 Ron Paul
37%
3 Colin Powell
30%
1 Faith Spotted Eagle
30%
No matching quizzes found
Score Distribution
Percent of People with Each Score
Percentile by Number Answered
Your Score History
You have not taken this quiz